| 000 | 01145cam a22003377a 4500 | ||
|---|---|---|---|
| 003 | CHAP | ||
| 005 | 20221026113121.0 | ||
| 008 | 971013s r 00010 d | ||
| 010 | _a69733 | ||
| 011 | _a70705 | ||
| 035 | _a80258 | ||
| 040 | _cCHAP | ||
| 090 | _aTesis | ||
| 100 | 0 | 0 |
_aJiménez Lozano, Francisco Javier. _961577 |
| 245 | 1 | 3 |
_aLa producción de frijol (Phaseolus vulgaris L.) en áreas reforestadas con eucalipto (Eucalyptus resinifera) en Chapingo, México / _cpor Francisco Javier Jiménez Lozano |
| 260 |
_aChapingo, Méx. _bEl autor, _c1987 |
||
| 300 |
_a81 h. _b; gráfs. |
||
| 502 | _aTesis (Ing. Agrónomo Esp. en Fitotecnia) -- UACH. Departamento de Fitotecnia | ||
| 590 |
_aALEPH _b10 _c20130110 |
||
| 590 |
_aBATCH-UPD _b10 _c20130110 |
||
| 590 |
_aBATCH-UPD _b10 _c20130410 |
||
| 590 |
_aBATCH-UPD _b10 _c20130913 |
||
| 590 |
_aCONVERSION _b10 _c20130109 |
||
| 650 | 1 | 4 |
_aAgroforestería. _92156 |
| 650 | 1 | 4 | _aEucalipto. |
| 650 | 1 | 4 |
_aFrijol _xRendimiento. _943429 |
| 650 | 1 | 4 |
_aReforestación _xMéxico (Edo.) _995500 |
| 901 | _aBK | ||
| 942 |
_cTESIS _2ddc |
||
| 949 |
_bBC _cTES _d-33160 _eTS1 _h19950 _i80258 _si |
||
| 999 |
_c69733 _d69733 |
||